000 00647nam a22001937a 4500
005 20150615143511.0
010 _aENG-113010
020 _a9789385160264
_c995.00
035 _aEN-96542
037 _bDBAD/PUB
082 _a306.095465
245 _aA profile of Bangladesh rule by two queens /
_cedited by Sunjoy K. Singh
260 _aNew Delhi
_bLenin Media
_c2015
270 _a202, IInd Floor, 4832/24, Prahlad Street, Ansari Road, Daryaganj
_bNew Delhi
_e110002
300 _a280p.
_c22cm(Hb)
500 _aIncludes bibliographical references and index
700 _aSunjoy K.Singh
942 _2ddc
_cEN
_mPRO
_h306.095465
999 _c93505
_d93505